And the ass saw the angel /

Salvato in:
Dettagli Bibliografici
Autore principale: Cave, Nick, (1957- )
Natura: Libro
Lingua:inglese
Pubblicazione: New York : HarperPaperbacks, 1992
Serie:Harper fiction
Tags: Aggiungi Tag
Nessun Tag, puoi essere il primo ad aggiungerne!!

MARC

LEADER 00000nam a22000007i 4500
001 IT\ICCU\UBO\3826005
003 ItRI
005 20260115231813.0
008 101111s1992 xxu|||||| ||||| |||||c
020 |a 0061090913 (pbk) 
040 |b ita  |c importazione bologna sebina 
041 7 |a eng  |2 ISO-639-2 
100 1 |a Cave, Nick,  |d  (1957- )  |0 IT\ICCU\LO1V\041119 
245 1 0 |a And the ass saw the angel /  |c Nick Cave. 
260 |a New York :  |b HarperPaperbacks,  |c 1992 
300 |a 400 p. ;  |c 17 cm. 
790 1 |a Cave, Nicholas Edward  |3 IT\ICCU\SBNV\050916  |z Cave, Nick (1957- ) 
791 2 |a <<The >>Birthday Party (gruppo musicale)  |3 IT\ICCU\UBOV\927219  |y Cave, Nick (1957- ) 
791 2 |a <<The >>Boys Next Door  |3 IT\ICCU\DDSV\056669  |y Cave, Nick (1957- ) 
791 2 |a Grinderman (gruppo musicale)  |3 IT\ICCU\UBOV\218475  |y Cave, Nick (1957- ) 
791 2 |a Nick Cave and the Bad Seeds (gruppo musicale)  |3 IT\ICCU\MODV\176646  |y Cave, Nick (1957- ) 
830 0 |a Harper fiction  |0 IT\ICCU\TSA\0974175 
942 |2 ddc  |c BK  |n 0 
952 |0 0  |1 0  |4 0  |6 DOC_823_300000000000000_CAV  |7 0  |9 12973  |a BO  |b BO  |d 2026-01-15  |i 14326  |l 0  |o DOC 823.3 CAV  |p BO14326  |r 2026-01-15 23:18:13  |w 2026-01-15  |x [Sebina 5] [1 v.]  |y BK  |z 1 v. 
999 |c 11107  |d 11107